• 首页
  • 本馆介绍
  • 公告通知
  • 最新文献
  • 馆藏检索
  • 电子资源
  • 读者导购
  • 参考咨询
  • 我的图书馆
  • 登录
  • 详细信息显示
  • 放入我的书架
  • 预约/预借图书
  • 作者相关作品
  • 分类相关作品
  • 丛书相关作品
  • 出版社相关作品

书目信息

  • 表格格式
  • 工作单格式
  • 卡片格式
题名:
德国简史
    
 
作者: 帕米利 著 ;刘路 , 赵蔚群 译
分册:  
出版信息: 海口   南海出版公司  2018
页数: 196页
开本: 23cm
丛书名:
单 册:
中图分类: K516.0
科图分类:
主题词:
电子资源:
ISBN: 978-7-5442-8610-7
000 01063nam0 2200289 450
001 012001008685
005 20140102082647.0
010    @a978-7-5442-8610-7@dCNY35.00
099    @aCAL 012018057826
100    @a20180413d2018 em y0chiy50 ea
101 1  @achi@ceng
102    @aCN@b460000
105    @aa z 000yy
106    @ar
200 1  @a德国简史@Ade guo jian shi@f(美) 玛丽·普拉特·帕米利著@g刘路, 赵蔚群译
210    @a海口@c南海出版公司@d2018
215    @a196页@c图@d23cm
300    @a理清德国发展的脉络 架构德国历史的轮廓
314    @a玛丽·普拉特·帕米利, 史学家和作家。刘路, 现为事业单位工作人员。赵蔚群, 大学退休教师。
330    @a本书共分为二十章, 主要内容包括: 印欧语系迁移、雅利安种族的分支进入欧洲种族、日耳曼种族、赫尔曼、瓦鲁斯的失败、古代德意志人的特征等。
607    @a德国@Ade guo@x历史
690    @aK516.0@v5
701  1 @a帕米利@Apa mi li@g(Parmele, Mary Platt),@f1843-1911@4著
702  0 @a刘路@Aliu lu@4译
702  0 @a赵蔚群@Azhao wei qun@4译
801  0 @aCN@b上海新华@c20191020
905    @b1185430-3@dK516.0@e51@f4
    
    德国简史/(美) 玛丽·普拉特·帕米利著/刘路, 赵蔚群译.-海口:南海出版公司,2018
    196页:图;23cm
    理清德国发展的脉络 架构德国历史的轮廓
    
    ISBN 978-7-5442-8610-7:CNY35.00
    本书共分为二十章, 主要内容包括: 印欧语系迁移、雅利安种族的分支进入欧洲种族、日耳曼种族、赫尔曼、瓦鲁斯的失败、古代德意志人的特征等。
●
相关链接 在E读中查询图书 在五车中查询图书 在当当中查询图书 在豆瓣中查询图书


正题名:德国简史     索取号:K516.0/51         预约/预借

序号 登录号 条形码 馆藏地/架位号 状态 备注
1 1185430   211854304   第二样本阅览室/ [索取号:K516.0/51] 在馆    
2 1185431   211854313   第二借阅区/ [索取号:K516.0/51] 在馆    
3 1185432   211854322   第二借阅区/ [索取号:K516.0/51] 在馆    
4 1185433   211854331   第二借阅区/ [索取号:K516.0/51] 在馆    
唐山师范学院图书馆 欢迎您!
大连网信软件有限公司© 版权所有